000 00276nam a22001217a 4500
999 _c13352
_d13352
020 _a9780511077654
082 _a823.809
100 _aPenelope Eckert, Sally McConnell-Ginet
245 _aLanguage and Gender
260 _aUK
_bCambridge
_c2003
300 _a376
942 _cBK